Statystyki dla Wszystkie piosenki - Young Multi

Kliknij tutaj aby rozwiązać quiz!

Ogólne statystyki

  • Ten quiz został rozwiązany 1 034 razy
    (733 od ostatniego zresetowania)
  • Średni wynik to 35 z 63

Statystyki odpowiedzi

HintOdpowiedź% Poprawnych
Nowa FalaPlecak
91%
Nowa FalaPogba
82%
TOXICSÓL
82%
TOXICBEZ SERCA (feat. Miszel & matiskater)
80%
Nowa FalaTrap
78%
TOXICTOXIC LUV (feat. White 2115)
75%
Nowa FalaNie wiem
74%
TOXIC48100
72%
Nowa FalaDiamenty (feat. Bedoes)
72%
Nowa FalaNowa Fala
71%
TOXICZIOMECZKI ZIOMY
69%
TOXICBEKSA
68%
TOXICOSCAR (feat. White Widow)
68%
TOXICPRZEKRĘT (feat. Trill Pem)
67%
TOXICFANTA (feat. Waima)
66%
TOXICS3N!
64%
TrapstarTrap II
62%
Nowa FalaNowy sezon
61%
TRAP AFTER DEATH (z Fast Life Sharky)SKATE 3
61%
TOXICTOAST
61%
TRAP AFTER DEATH (z Fast Life Sharky)9 ŻYĆ
60%
TOXICNIGDY NIE ŚPIĘ
59%
TOXICTRILL
59%
TOXICBARDZO BOLI
58%
TOXICBLIK
58%
Nowa FalaKim Ty Jesteś?
58%
TOXICWOLNOŚĆ
58%
TOXICMAM JUŻ DOŚĆ
57%
TOXICBALLADA O SAMOTNOŚCI (vlone)
56%
TrapstarSkrzydła
56%
TrapstarCórka tatusia
53%
TRAP AFTER DEATH (z Fast Life Sharky)K4FLE! (feat. Żabson)
52%
Nowa FalaPlotki
52%
TrapstarJeden dzień
51%
TRAP AFTER DEATH (z Fast Life Sharky)MODELKI (feat. Aleshen)
51%
Nowa FalaSkrrrt (feat. Beteo)
51%
Nowa FalaWięcej
51%
TrapstarKiedy odejdę (feat. Bedoes)
50%
TrapstarKosmita (feat. Żabson)
50%
TrapstarPodziały (feat. Peja)
50%
TRAP AFTER DEATH (z Fast Life Sharky)TORBA
50%
Nowa FalaOna Dzwoni (feat. Merghani)
49%
TrapstarRonaldinho
49%
Nowa FalaWarszawa Nocą (feat. Txnshi)
49%
TRAP AFTER DEATH (z Fast Life Sharky)10K (feat. matiskater)
48%
Nowa FalaDron (feat. Nocny Sosa)
48%
TrapstarSelf Made
48%
Nowa FalaPusta Szklanka
47%
TrapstarPlan
46%
TRAP AFTER DEATH (z Fast Life Sharky)TSUNAMI
46%
Nowa FalaBeast Mode
45%
TrapstarHigh Life
45%
TRAP AFTER DEATH (z Fast Life Sharky)FAKE FREESTYLE
44%
Nowa FalaPytasz Mnie (feat. Merghani)
44%
TrapstarBłysk flesza
43%
TrapstarNoc rozliczenia
43%
TRAP AFTER DEATH (z Fast Life Sharky)TROTYL
43%
TRAP AFTER DEATH (z Fast Life Sharky)TRAP FORTECA (feat. Simpson.)
42%
TRAP AFTER DEATH (z Fast Life Sharky)DRIP (feat. Co Cash)
41%
TRAP AFTER DEATH (z Fast Life Sharky)FCK FAME (feat. AM & Skengdo)
39%
Nowa FalaHollywood (feat. Young Jacob & Raff J.R)
39%
Nowa FalaLifestyle
39%
Nowa FalaCzemu Nie Wierzyłeś
36%

Rozkład punktacji

Percentyl według liczby udzielonych odpowiedzi

Procent ludzi z każdym wynikiem

Twoja historia wyników

Nie rozwiązałeś tego quizu od ostatniego zresetowania